| 000 | 004890000a22001810004500 | ||
|---|---|---|---|
| 003 | MACL | ||
| 005 | 20160121125827.0 | ||
| 008 | 160121b xxu||||| |||| 00| 0 eng d | ||
| 040 |
_aMACL _cmacl |
||
| 041 | _aEnglish | ||
| 082 | _a363.73/JAS | ||
| 100 |
_aJasrai, Yogesh T. _933889 |
||
| 245 | _aAir Pollution Development At What Cost | ||
| 260 |
_bDaya Publishing House _c2003 _aNew Delhi |
||
| 350 | _a550 | ||
| 650 |
_aSocial Problems & Services _933890 |
||
| 942 |
_cBK _k363.73/Jas _2ddc |
||
| 999 |
_c31948 _d31948 |
||